Forest policy : international case studies

Bibliographic Details
Other Authors: Wilson, Bill, , 1950-
Format: Book
Published: Wallingford, Oxon. New York, NY : CABI Pub. , c1999.
Subjects:

MARC

LEADER 00000cam a2200000 7i4500
001 0000003421
005 20060317.0
020 0 0 |a 0851993095 
090 0 0 |a 333.75   |b FOR 
245 1 0 |a Forest policy :   |b international case studies   |c edited by Bill Wilson ... [et al.]. 
260 0 0 |a Wallingford, Oxon.   |a New York, NY :   |b CABI Pub. ,   |c c1999. 
300 |a x, 273 p. :   |b ill. ;   |c 24 cm. 
650 0 0 |a Forest policy   |x Case studies 
700 1 1 |a Wilson, Bill, ,   |d 1950- 
999 |a 0000006493   |b Monograph   |c Open Shelf   |e Default branch